| 000 | 00845nam a22002297a 4500 | ||
|---|---|---|---|
| 005 | 20170123162319.0 | ||
| 010 | _aA-940856 | ||
| 020 |
_c225.00 _a8185894019 |
||
| 035 | _aA-940856 | ||
| 037 | _bCen Lib/Ret | ||
| 040 |
_aDPL _bUR |
||
| 082 |
_a955.054 _bش ه د |
||
| 100 |
_aشہید صفی پوری _9116095 |
||
| 245 |
_aایران کا اسلامی انقلاب اور اس کا عالمی رد عمل / _cشہید صفی پوری |
||
| 246 |
_aIran ka islami inteqalab aur uska aalmi rad amal / _bby Saheed Sefi Puri |
||
| 260 |
_aدہلی _bکوسوے بک سنٹر _c1996 |
||
| 270 |
_bدہلی _aH-12, جاگت پوری پروانہ روڈ _e110051 |
||
| 300 |
_a334p. _c21cm(Hb) |
||
| 650 |
_a تاریخ - ایران _9400 |
||
| 650 |
_aHistory -- Iran _9116096 |
||
| 942 |
_2ddc _cUR _h955.054 _mش ه د |
||
| 999 |
_c106927 _d106927 |
||